Word Ladder: [Noun] [Verb] Quiz Stats

 Plays Quiz Updated Nov 7, 2012

Support Sporcle.
Go Orange.
Score 0/18 Timer 02:00
0 Plays Today
Clue 3-Letter Word % Correct
Superman's power: 'X-[Noun] vision'RAY
94.3%
Jake Gyllenhaal's 'The [Time Period] After Tomorrow'DAY
93.7%
Bruce Willis movie: 'Live Free or [Verb] Hard'DIE
93.5%
Jennifer Love Hewitt's 'I Know What You [Verb] Last Summer'DID
93.3%
Bryan Cranston's TV vehicle 'Breaking [Adverb]'BAD
90.5%
Macaulay Culkin's 'Getting Even with [Person]'DAD
88.5%
Las Vegas lion tamers 'Siegfried and [Proper Noun]'ROY
85.3%
Tim Roth's TV Series: '[Verb] to Me'LIE
82.9%
Sean Penn's 'I Am [Proper Noun]'SAM
81.7%
Clue 3-Letter Word % Correct
City building game: '[Adjective]City 2000'SIM
80.3%
Spin-off of Jackass: 'Viva la [Interjection]'BAM
78.5%
Sylvester Stallone's 'Stop! Or My [Person] Will Shoot'MOM
78.1%
Lord Voldemort's real name: [Proper Noun] Marvolo RiddleTOM
73.7%
Proverb: 'Spare the [Noun] and spoil the child'ROD
72.2%
Peggy Lipton TV Show: 'The [Adjective] Squad'MOD
69.1%
Holy Grail character: [Proper Noun] the EnchanterTIM
66.6%
Fun fill-in-the-blank word book game: [Adjective] [Last Rung]MAD
64.1%
Fun fill-in-the-blank word book game: [First Rung] [Noun]LIB
59.6%

Today's Daily Dose

Missing Word
'80s Musicals

Word Ladder
Hereditary

Get the Picture
Food Names

From the Vault

Oscar Best Actress (1980s)

by minshkins

Movies 4m
We're pretty sure none of them are named Oscar, though.
Remove Ads.
Support Sporcle.
Get the best of Sporcle when you Go Orange. This ad-free experience offers more features, more stats, and more fun while also helping to support Sporcle. Thank you for becoming a member.

Show Comments

Extras

Top Quizzes Today


Score Distribution

Your Account Isn't Verified!

In order to create a playlist on Sporcle, you need to verify the email address you used during registration. Go to your Sporcle Settings to finish the process.

Report this User

Report this user for behavior that violates our Community Guidelines.

Details: